000 00578cam a22002053a 4500
001 38931
003 PGUSA
005 20140828083847.0
008 120219s2012||||xxu|||||s|||||000 | eng d
040 _aPGUSA
_beng
042 _adc
100 1 _aCentlivre, Susanna,
_d1666-1723
245 1 4 _aThe Perjur'd Husband
_h[electronic resource] /
_cSusanna Centlivre
260 _bProject Gutenberg,
_c2012
506 _aPublic domain in the USA.
516 _aElectronic text
830 0 _aProject Gutenberg
_v38931
856 4 0 _uhttp://www.gutenberg.org/ebooks/38931
942 _cEB
999 _c268184
_d268184